Detalles MARC
| 000 -CABECERA |
| campo de control de longitud fija |
01655nam a22003737i 4500 |
| 003 - IDENTIFICADOR DEL NÚMERO DE CONTROL |
| campo de control |
DO-SdBNP |
| 005 - FECHA Y HORA DE LA ÚLTIMA TRANSACCIÓN |
| campo de control |
20260410093019.0 |
| 007 - CAMPO FIJO DE DESCRIPCIÓN FÍSICA--INFORMACIÓN GENERAL |
| campo de control de longitud fija |
ta |
| 008 - DATOS DE LONGITUD FIJA--INFORMACIÓN GENERAL |
| campo de control de longitud fija |
240403b2023 dr ||||| |||| 00| 0 spa d |
| 020 ## - NÚMERO INTERNACIONAL ESTÁNDAR DEL LIBRO |
| Número Internacional Estándar del Libro |
9789945937626 |
| 040 ## - FUENTE DE LA CATALOGACIÓN |
| Centro catalogador/agencia de origen |
DO-SdBNP |
| Lengua de catalogación |
spa |
| Centro/agencia transcriptor |
BNPHU |
| Normas de descripción |
rda |
| 041 ## - CÓDIGO DE LENGUA |
| Código de lengua del texto/banda sonora o título independiente |
spa |
| 082 #4 - NÚMERO DE LA CLASIFICACIÓN DECIMAL DEWEY |
| Número de clasificación |
346.729307 |
| Número de documento/Ítem |
R426L |
| Número de edición |
22 |
| 110 1# - ENTRADA PRINCIPAL--NOMBRE DE ENTIDAD CORPORATIVA |
| Nombre de entidad corporativa o nombre de jurisdicción como elemento de entrada |
República Dominicana. |
| 9 (RLIN) |
447 |
| 245 10 - MENCIÓN DE TÍTULO |
| Título |
Ley general de las sociedades comerciales y empresas individuales de responsabilidad limitada núm. 479-08, comentada y concordada : |
| Resto del título |
doctrina, jurisprudencia y normativa complementaria / |
| Mención de responsabilidad, etc. |
Juan F. Puello Herrera ; prólogo, José Luis Taveras |
| 264 #4 - PRODUCCIÓN, PUBLICACIÓN, DISTRIBUCIÓN, FABRICACIÓN Y COPYRIGHT |
| Producción, publicación, distribución, fabricación y copyright |
Santo Domingo, República Dominicana : |
| Nombre del de productor, editor, distribuidor, fabricante |
Gaceta Judicial, |
| -- |
Editora Judicial, S. R. L., |
| Fecha de producción, publicación, distribución, fabricación o copyright |
©2023. |
| 300 ## - DESCRIPCIÓN FÍSICA |
| Extensión |
xxxiii, 982 páginas ; |
| Dimensiones |
24 cm. |
| 336 ## - TIPO DE CONTENIDO |
| Fuente |
rdacontent |
| Término de tipo de contenido |
texto |
| Código de tipo de contenido |
txt |
| 337 ## - TIPO DE MEDIO |
| Fuente |
rdamedia |
| Nombre/término del tipo de medio |
sin mediación |
| Código del tipo de medio |
n |
| 338 ## - TIPO DE SOPORTE |
| Fuente |
rdacarrier |
| Nombre/término del tipo de soporte |
volumen |
| Código del tipo de soporte |
nc |
| 490 0# - MENCIÓN DE SERIE |
| Mención de serie |
Colección leyes anotadas |
| 500 ## - NOTA GENERAL |
| Nota general |
G. O. núm. 10479 del 11 de diciembre de 2008.<br/> |
| 500 ## - NOTA GENERAL |
| Nota general |
Incluye referencias bibliográficas y notas al pie de las páginas |
| 500 ## - NOTA GENERAL |
| Nota general |
Incluye índice |
| 500 ## - NOTA GENERAL |
| Nota general |
Modificada por la ley núm. 31-11, G.O. núm. 10605 del 10 de febrero de 2011 |
| 504 ## - NOTA DE BIBLIOGRAFÍA, ETC. |
| Nota de bibliografía, etc. |
Bibliografía: páginas 957-982 |
| 590 ## - NOTA LOCAL (RLIN) |
| Nota local |
Inventariado, 2024 /LP |
| 650 #7 - PUNTO DE ACCESO ADICIONAL DE MATERIA--TÉRMINO DE MATERIA |
| Término de materia o nombre geográfico como elemento de entrada |
Derecho corporativo |
| Subdivisión geográfica |
República Dominicana |
| Fuente del encabezamiento o término |
LIBRUNAM |
| 9 (RLIN) |
89293 |
| 650 #7 - PUNTO DE ACCESO ADICIONAL DE MATERIA--TÉRMINO DE MATERIA |
| Término de materia o nombre geográfico como elemento de entrada |
Empresas privadas |
| Subdivisión geográfica |
República Dominicana |
| Fuente del encabezamiento o término |
LIBRUNAM |
| 9 (RLIN) |
89294 |
| 700 1# - PUNTO DE ACCESO ADICIONAL--NOMBRE DE PERSONA |
| Nombre de persona |
Puello Herrera, Juan F. |
| Término indicativo de función/relación |
escritor del comentario adicional |
| Forma completa/desarrollada del nombre |
(Juan Francisco), |
| 9 (RLIN) |
89295 |
| 700 1# - PUNTO DE ACCESO ADICIONAL--NOMBRE DE PERSONA |
| Nombre de persona |
Taveras, José Luis, |
| Término indicativo de función/relación |
prólogo |
| 9 (RLIN) |
10080 |
| 910 ## - DATOS DE OPCIÓN DEL USUARIO (OCLC) |
| Datos de opción del usuario |
LP |
| 942 ## - ELEMENTOS DE PUNTO DE ACCESO ADICIONAL (KOHA) |
| Fuente del sistema de clasificación o colocación |
Dewey Decimal Classification |
| Tipo de ítem Koha |
Libro |